[Event "EIWCC 2017"]
[Site "Riga"]
[Date "2017.04.13"]
[Round "3"]
[White "Socko, Monika"]
[Black "Mamedjarova, Turkan"]
[Result "1-0"]
[WhiteElo "2462"]
[BlackElo "2267"]
[Annotator "TA"]
[PlyCount "125"]
[EventDate "2017.??.??"]
[EventType "swiss"]
[EventCountry "LAT"]
[SourceTitle "playchess.com"]
[Source "ChessBase"]
[SourceQuality "1"]

{[%evp 18,125,29,11,34,30,35,21,52,0,8,18,6,6,43,22,21,20,109,108,98,104,91,76,79,70,70,70,70,78,79,70,82,77,78,83,81,64,58,56,59,56,70,60,90,76,74,73,77,71,71,70,76,74,77,77,80,78,80,83,76,76,66,58,58,54,58,51,61,61,57,59,110,106,105,112,115,92,114,107,275,146,136,126,184,144,276,206,199,187,275,286,273,261,337,322,383,383,383,372,365,363,460,459,514,488,29974,29976,29970,29969]} 1. e4 e5 2. Nf3 Nc6 3. d4 exd4 4. Bc4 d6 5. Nxd4 Nxd4 6. Qxd4 Nf6 7. Nc3 Be7 8. O-O O-O 9. h3 Be6 10. Be3 Qd7 {C50: Hungarian Defence and Giuoco Pianissimo} (10... Nd7 11. Bxe6 fxe6 12. Qc4 Rf6 13. f4 c6 14. Qb3 Qc7 15. e5 dxe5 16. Ne4 Rf7 17. Qxe6 Nf8 18. Qb3 {1-0 (34) Lintchevski,D (2449)-Sudakova,I (2381) St Petersburg 2007}) 11. Rad1 a6 12. a4 Rfb8 $146 {The position is equal.} (12... Rfd8 13. a5 h6 14. Kh2 Nh7 15. Nd5 Ng5 16. f4 Nh7 17. b3 Nf8 18. Kh1 Bh4 19. Rf3 {1-0 (43) Aung,T (2195)-Yuen,F Genting Highlands 1998}) 13. Be2 (13. Bxe6 $14 Qxe6 14. f3) 13... b5 14. axb5 axb5 15. b4 Ra3 16. Ra1 $36 {[%mdl 2048] White fights for an advantage.} Rxa1 17. Rxa1 c5 (17... c6 $1 $11 {remains equal.}) 18. bxc5 $16 b4 19. cxd6 Qxd6 20. Qxd6 Bxd6 21. Nb5 Be5 22. Bd4 Bxd4 23. Nxd4 {Hoping for Nc6.} Nxe4 24. Nc6 Rf8 25. Nxb4 g6 26. Nc6 Nc3 27. Bf3 Kg7 28. Ra3 Nb1 29. Ra7 Nd2 30. Be2 Re8 31. Nd4 {Black must now prevent Bb5.} Bc4 32. Bxc4 Re1+ 33. Kh2 Nxc4 {[%mdl 4096] Endgame KRN-KRN} 34. Rc7 Nd2 35. g3 Rd1 36. Kg2 {aiming for Ne6+.} Ne4 37. Nf3 Kf6 38. Rc4 Nd6 39. Rf4+ Ke7 40. Rd4 Rc1 41. Rd2 h5 42. h4 Nc4 43. Re2+ Kf6 44. Nd4 Na3 (44... Rd1 $14 45. Re4 Na3) 45. Kf3 Rd1 46. Ke4 Nc4 47. c3 {[%cal Bc2c3,Bc3c4,Bc4c5][%mdl 32]} Ne5 48. Kd5 Ra1 $2 (48... Nd7 $16 49. Kd6 Nf8) 49. Nb3 (49. c4 $18 Nd3 50. c5) 49... Rd1+ {[#]} 50. Rd2 $1 {[%cal Rd2d1]} Rf1 (50... Rb1 $16) 51. c4 Ng4 (51... Nf3 $16 {is a better defense.} 52. Rd3 Ne5) 52. Nc5 Ke7 53. Nd3 f6 (53... Kd7 $142 54. c5 Ra1) 54. Kc6 g5 55. c5 gxh4 56. gxh4 f5 57. Kb7 Rb1+ 58. Kc8 Nf6 59. Re2+ Kf8 60. Re5 ({Less strong is} 60. c6 Rd1 61. Nc5 Nd5 62. Nd7+ Kf7 $18) 60... f4 61. Nxf4 Rb4 (61... Rc1 $18 62. Ne6+ Kg8) 62. Rf5 Ke7 {[#]} 63. Rxf6 $1 {[%mdl 512]} 1-0

[Event "EIWCC 2017"]
[Site "Riga"]
[Date "2017.04.13"]
[Round "3"]
[White "Javakhishvili, Lela"]
[Black "Osmak, Iulija"]
[Result "1/2-1/2"]
[WhiteElo "2456"]
[BlackElo "2348"]
[Annotator "TA"]
[PlyCount "62"]
[EventDate "2017.??.??"]
[EventType "swiss"]
[EventCountry "LAT"]
[SourceTitle "playchess.com"]
[Source "ChessBase"]
[SourceQuality "1"]

{[%evp 15,62,0,0,0,-2,-47,-35,-45,0,0,0,0,0,0,0,-16,37,39,33,36,40,13,33,12,18,18,19,12,14,19,24,17,20,14,20,18,31,0,0,0,27,0,0,0,0,-2,0,0,0]} 1. d4 d5 2. Bf4 c5 3. e3 Nc6 4. Nf3 Nf6 5. Nbd2 {D02: 1 d4 d5 2 Nf3 sidelines, including 2...Nf6 3 g3 and 2...Nf6 3 Bf4} Qb6 (5... e6 6. c3 cxd4 7. exd4 Nh5 8. Bg5 f6 9. Be3 Bd6 10. g3 O-O 11. Bg2 f5 12. Ne5 f4 13. Qxh5 fxe3 14. fxe3 Nxe5 15. dxe5 {½-½ (56) Giri,A (2771)-So,W (2794) London 2016}) 6. dxc5 Qxb2 7. Rb1 Qc3 8. Bb5 e6 {LiveBook: 10 Games} 9. Ne5 Bd7 10. Rb3 $146 (10. Nxd7 Nxd7 11. O-O Bxc5 12. Bxc6 bxc6 {0-1 (59) Melkumyan,H (2633)-Cheparinov,I (2689) Doha 2016}) 10... Qa5 11. c4 a6 {[#] ...Nxe5 is the strong threat.} ({Reject} 11... Bxc5 12. Nxd7 Nxd7 13. O-O $11) (11... Qxa2 $6 12. O-O (12. Nxd7 Nxd7 13. cxd5 exd5 $16) 12... Nxe5 13. Bxe5 Bxb5 14. Rxb5 $14) 12. Bxc6 Bxc6 ({Much worse is} 12... bxc6 $6 13. cxd5 exd5 14. O-O $18) 13. Nxc6 bxc6 14. O-O Bxc5 15. Be5 Qd8 ({Not} 15... Qxa2 16. Rb1 d4 17. exd4 $18) ({Black should play} 15... Bb4 $11 16. Bxf6 gxf6 17. cxd5 Bxd2 18. dxe6 O-O) 16. cxd5 $14 Qxd5 17. Bxf6 gxf6 18. Qc2 {[#] Threatens to win with Rd3.} Rd8 19. e4 Qxd2 20. Qxc5 Qd6 21. Qc3 Ke7 $1 22. Rb6 Rc8 23. Rxa6 Rhd8 24. Ra7+ Rd7 25. Rxd7+ Qxd7 $11 {[%mdl 4096] Endgame KQR-KQR} 26. e5 fxe5 27. Qxe5 Qd5 28. Qb2 c5 {The position is equal.} 29. a4 c4 30. Qb4+ Qd6 31. Qc3 $1 Qd3 1/2-1/2

[Event "EIWCC 2017"]
[Site "Riga"]
[Date "2017.04.13"]
[Round "3"]
[White "Cramling, Pia"]
[Black "Zaksaite, Salomeja"]
[Result "1/2-1/2"]
[WhiteElo "2452"]
[BlackElo "2262"]
[Annotator "TA"]
[PlyCount "139"]
[EventDate "2017.??.??"]
[EventType "swiss"]
[EventCountry "LAT"]
[SourceTitle "playchess.com"]
[Source "ChessBase"]
[SourceQuality "1"]

{[%evp 19,139,13,6,0,4,8,7,-11,17,12,11,8,16,19,47,33,45,39,35,29,56,49,63,42,90,83,85,85,76,86,75,14,22,11,17,11,25,26,42,30,36,32,25,29,38,25,45,53,50,13,13,13,13,13,47,52,62,62,81,83,83,78,72,41,41,41,61,41,41,41,41,41,64,64,64,45,45,45,45,45,45,45,70,45,125,124,152,127,133,0,140,121,140,45,45,45,45,45,45,45,45,45,45,7,41,41,45,45,45,41,40,8,8,8,8,8,54,22,54,54,54,54]} 1. d4 Nf6 2. c4 g6 3. Nc3 d5 4. cxd5 Nxd5 5. e4 Nxc3 6. bxc3 Bg7 7. Qa4+ Qd7 {D85: Exchange Grünfeld: Unusual White 7th moves and lines with 7 Nf3} 8. Qb3 O-O 9. Nf3 c5 10. d5 e6 {LiveBook: 3 Games} 11. Be3 exd5 12. exd5 b6 13. Bb5 Qd6 14. O-O a6 $146 (14... Bd7 15. a4 Bxb5 16. axb5 {1-0 (36) Nakamura,H (2791)-Vachier Lagrave,M (2819) chess.com INT 2016}) 15. Be2 b5 16. a4 $36 {[%mdl 2048] White has some pressure.} c4 17. Qb2 Nd7 $1 {[%cal Bb8d7,Bd7c5,Bc5e4][%mdl 32]} 18. axb5 Rb8 19. Nd4 axb5 20. Nc6 Rb7 21. Rfd1 Nc5 22. Qb4 Ne4 {[#] White must now prevent ...Qxb4.} 23. Qxd6 Nxd6 24. Bc5 Rd7 25. Ra7 (25. Bf3 $16) 25... Re8 $11 {Threatens to win with ...Rxa7.} 26. Bf3 {And now Rxd7 would win.} Bb7 27. Nd4 Ne4 28. Re1 f5 29. Bxe4 {Strongly threatening f3.} (29. Nxb5 $5 {is interesting.} Ra8 30. Rxa8+ Bxa8 31. Bxe4 fxe4 32. d6) 29... Rxe4 30. Rxe4 fxe4 31. Kf1 Bxd4 32. Bxd4 {[%mdl 4096] Endgame KRB-KRB} b4 33. cxb4 Rxd5 34. Bf6 Rd7 35. Ke2 Kf7 36. Bd4 Ke6 37. Ke3 Rc7 38. Kd2 Rd7 39. Kc3 e3 40. fxe3 Bxg2 41. Rxd7 (41. Ra6+ $5 {with more complications.} Rd6 42. Ra2 Be4 43. b5 Rd7 44. Ra6+) 41... Kxd7 42. Kxc4 $16 {KB-KB} g5 43. Bf6 g4 44. Kc5 h5 45. Bh4 Bf3 46. Kd4 Kc6 47. Ke5 Kb5 48. Be1 Kc4 49. Kf4 Kd3 50. Bh4 Kc4 51. Be7 Kd5 {[#]} ({Better is} 51... Bc6 $14) 52. b5 $1 Ke6 53. Bh4 Kd5 54. Be7 Ke6 $1 {[%cal Re6e7]} 55. Bd8 Kd5 56. Kg3 (56. b6 $16 {b7 is the strong threat.} Kc6 57. e4) 56... Ke4 57. Bg5 Kf5 58. Bf4 Bd5 59. Bd6 Bb7 60. Be7 Bd5 61. Kf2 Ke4 62. b6 Kd3 63. Bg5 Ke4 64. Ke2 Bb7 65. Kd2 Bc8 66. Kc3 Kd5 67. Bd8 Kc6 68. Kd4 h4 69. Bxh4 Kxb6 70. e4 1/2-1/2

[Event "EIWCC 2017"]
[Site "Riga"]
[Date "2017.04.13"]
[Round "3"]
[White "Zawadzka, Jolanta"]
[Black "Antova, Gabriela"]
[Result "1-0"]
[WhiteElo "2449"]
[BlackElo "2335"]
[Annotator "TA"]
[PlyCount "123"]
[EventDate "2017.??.??"]
[EventType "swiss"]
[EventCountry "LAT"]
[SourceTitle "playchess.com"]
[Source "ChessBase"]
[SourceQuality "1"]

{[%evp 17,123,8,36,30,37,30,30,26,18,26,18,12,20,9,22,16,27,-7,0,0,0,0,0,0,8,0,0,-4,10,10,9,0,0,0,10,0,0,0,0,0,25,24,39,0,0,-22,0,2,38,38,64,64,64,57,64,69,64,56,56,23,14,0,0,0,1,1,2,0,0,0,0,0,0,0,2,0,0,0,0,0,0,0,33,33,33,33,58,59,208,74,90,90,90,90,90,83,83,83,83,83,360,360,304,299,227,204,800,799]} 1. e4 e5 2. Nf3 Nf6 3. Nxe5 d6 4. Nf3 Nxe4 5. c4 Nc6 6. d3 Nf6 7. d4 d5 8. c5 {C01: French: Exchange Variation} Be7 (8... Bg4 9. Bb5 Be7 10. Bxc6+ bxc6 11. Qa4 Bd7 12. Ne5 O-O 13. O-O Ng4 14. Nxg4 Bxg4 15. Qxc6 Bf6 {½-½ (50) Muzychuk,A (2558)-Ju,W (2579) Doha 2016}) 9. Bb5 Bd7 {LiveBook: 4 Games} 10. O-O {White is slightly better.} O-O 11. Nc3 a6 12. Ba4 b5 $146 (12... h6 13. Re1 b5 14. cxb6 cxb6 15. Bxc6 Bxc6 {0-1 (33) Tominga,A (1952)-Dubrovin,R (2249) Tallinn 2014}) 13. cxb6 cxb6 {[%cal Bc7b6,Bb6b5,Bb5b4][%mdl 32]} 14. Ne5 Rc8 15. Re1 b5 16. Bb3 Be6 17. a4 b4 18. Nxc6 Rxc6 19. Ne2 a5 20. Nf4 Bf5 21. Re5 Bg4 22. f3 Be6 23. Kh1 Qd7 24. Bd2 Rfc8 25. Nxe6 Rxe6 26. Qe2 Bd6 27. Rxe6 Qxe6 28. Re1 Re8 29. Qxe6 Rxe6 30. g4 h6 31. Re3 Bc7 32. h4 Bb6 33. g5 hxg5 ({Wrong is} 33... Bxd4 $2 34. Rd3 Bxb2 35. gxf6 $18) 34. hxg5 Nh5 35. Bxd5 Rxe3 36. Bxe3 $14 {[%mdl 4096] Endgame KBB-KBN} Ng3+ 37. Kg2 Nf5 38. Bf2 Kf8 39. Be4 Nxd4 40. f4 g6 41. Bd5 Ke7 42. Bc4 Bc5 43. Kh3 Bb6 44. Kg4 Bc5 45. Bg1 Bb6 46. Bh2 Nf5 {...Ne3+ is the strong threat.} 47. Kf3 Nd6 48. Bd5 Bd4 49. b3 Bc5 50. Bg3 Bb6 51. Be1 Bc5 52. Bd2 f6 {[#]} ({Black should try} 52... Bb6 $14) 53. Bc1 (53. Be3 $1 $18 {[%cal Re3c5] is the precise move to win.} Bxe3 54. Kxe3) 53... fxg5 54. fxg5 Bb6 55. Bb2 Bg1 56. Ke2 Bb6 57. Kd3 Nf5 58. Bf6+ Kd6 $2 {[%mdl 8192]} (58... Kf8 $16) 59. Bf7 $18 Ne7 60. Kc4 Bc7 61. Kb5 Bd8 $2 {[#]} (61... Nd5 62. Bd4 (62. Bxg6 Nxf6 63. gxf6 Ke6 $16) 62... Nc3+ 63. Ka6 (63. Kc4 Ne4 64. Bxg6 Nxg5 $18) 63... Ne4 64. Bxg6 Nxg5) 62. Bxg6 $1 {[%mdl 512]} 1-0

[Event "EIWCC 2017"]
[Site "Riga"]
[Date "2017.04.13"]
[Round "3"]
[White "Khotenashvili, Bela"]
[Black "Gara, Ticia"]
[Result "1-0"]
[WhiteElo "2445"]
[BlackElo "2325"]
[Annotator "TA"]
[PlyCount "77"]
[EventDate "2017.??.??"]
[EventType "swiss"]
[EventCountry "LAT"]
[SourceTitle "playchess.com"]
[Source "ChessBase"]
[SourceQuality "1"]

{[%evp 17,77,47,42,52,52,45,76,71,85,83,86,58,58,57,71,65,89,72,66,65,99,110,98,95,129,145,143,115,176,192,268,285,276,275,434,428,418,413,491,382,369,342,333,312,247,241,591,572,579,575,1935,1647,29989,1885,29990,29991,29991,29992,29993,29994,29996,29997]} 1. d4 Nf6 2. c4 g6 3. Nc3 d5 4. Nf3 Bg7 5. Qb3 dxc4 6. Qxc4 O-O 7. e4 {[%cal Be2e4,Be4e5][%mdl 32]} c6 8. Be2 b5 9. Qb3 Qa5 10. e5 {D97: Grünfeld: Russian System: 7 e4, replies other than 7...Bg4} (10. Nd2 Be6 11. Qc2 Rd8 12. e5 Nd5 13. Nxd5 Rxd5 14. Qc3 b4 15. Qe3 c5 16. Nc4 Qc7 17. dxc5 Rxc5 18. b3 Bxc4 19. bxc4 Rxe5 20. Qf3 Rxe2+ 21. Kxe2 Qxc4+ 22. Ke1 Qc3+ {0-1 (22) Krasenkow,M (2607)-Mamedyarov,S (2747) Jurmala 2012}) 10... Be6 11. Qc2 Bf5 12. Bd3 {White is better.} Bxd3 13. Qxd3 Nd5 14. Bd2 {And now Nxd5 would win.} (14. O-O $5 {is more complex.} Na6 15. Ne4 Qb6 16. Bd2 Rac8 17. Rfc1) 14... Nxc3 15. bxc3 $146 (15. Bxc3 Qd8 16. h4 h5 17. O-O-O Qd5 {0-1 (54) Nikitin,A (2431)-Eljanov,P (2487) Kharkov 2000}) 15... Nd7 16. h4 {[%cal Bh2h4,Bh4h5,Bh5h6][%mdl 32]} Rad8 17. Qe4 c5 18. h5 $36 {[%mdl 2048] aiming for hxg6. White has good play.} Qb6 19. h6 Bh8 20. O-O b4 21. cxb4 cxd4 22. Rfc1 Rc8 (22... f5 $16 23. exf6 Nxf6 24. Qxe7 Rfe8) 23. a4 $18 {[%cal Ba2a4,Ba4a5][%mdl 32]} Qe6 (23... Qb8 {was necessary.}) 24. Rxc8 (24. Nxd4 Qxe5 25. Qxe5 Bxe5 $14) 24... Rxc8 {[#]} 25. Re1 $1 (25. Nxd4 Qxe5 26. Qb7 Nb6 $11) 25... Qa6 (25... Nb6 $142 26. Qxd4 (26. Nxd4 Qd7 $18) 26... Qd7 27. Qxd7 Nxd7) 26. b5 (26. Qxd4 Nf8 27. b5 Qb7 $18) 26... Qb6 27. a5 (27. Nxd4 Nxe5 28. Be3 a6 $18) (27. Qd5 Rd8 $16) 27... Qb8 28. e6 {White threatens exf7+ and mate.} (28. Qxd4 Rd8 29. Bf4 Nb6 $18) 28... f5 29. Qd5 Nf6 30. Qb3 Ne4 31. b6 Nc5 $2 ({But not} 31... Nxd2 $6 32. Nxd2 axb6 33. axb6 (33. Qxb6 Be5 $14)) (31... axb6 32. axb6 (32. Qxb6 Nxd2 33. Nxd2 Be5 $14) 32... Bf6) 32. Qb5 axb6 33. axb6 d3 34. Rc1 Ne4 35. Rxc8+ Qxc8 36. b7 {[%cal Rb7c8] White mates.} Qb8 {[#]} 37. Bf4 $1 {[%mdl 512]} Nd6 (37... Qxf4 38. Qe8#) 38. Bxd6 exd6 39. Qd7 1-0

[Event "EIWCC 2017"]
[Site "Riga"]
[Date "2017.04.13"]
[Round "3"]
[White "Daulyte, Deimante"]
[Black "Sandu, Mihaela"]
[Result "0-1"]
[WhiteElo "2443"]
[BlackElo "2261"]
[Annotator "TA"]
[PlyCount "164"]
[EventDate "2017.??.??"]
[EventType "swiss"]
[EventCountry "LAT"]
[SourceTitle "playchess.com"]
[Source "ChessBase"]
[SourceQuality "1"]

{[%evp 27,164,36,51,22,45,24,23,24,45,41,49,47,54,21,1,-83,-83,-77,-46,-92,-78,-97,-56,-45,-57,-83,-72,-109,-46,-51,0,-10,0,-27,-50,-196,-202,-633,-630,-595,-527,-510,-437,-435,-303,-309,-308,-383,-394,-404,-376,-378,-243,-238,-225,-247,-234,-229,-37,-46,-52,-56,-45,-47,-49,-51,-37,-41,-51,-48,-22,-10,-13,-15,-8,-13,-9,-22,-7,-142,-141,-143,0,-65,-70,-73,-77,-97,-37,-49,-25,-22,-22,-26,-22,-85,-85,-127,-91,-211,-210,-197,-187,-381,-356,-1005,-819,-1354,-1046,-1215,-1312,-29968,-29969,-29970,-29969,-29972,-29974,-29975,-29972,-29971,-29971,-29972,-29973,-29972,-29974,-29973,-29975,-29975,-29975,-29975,-29976,-29977,-29977,-29976,-29978,-29978,-29979,-29980,-29981]} 1. e4 c5 2. Nf3 e6 3. d4 cxd4 4. Nxd4 a6 5. c4 Nf6 6. Nc3 Qc7 7. a3 b6 8. Be2 Bb7 9. f3 Be7 10. Be3 d6 11. O-O O-O {B41: Sicilian: Kan Variation: 5 c4} 12. Qd2 Nbd7 13. Rfc1 Rfc8 14. a4 Rab8 {LiveBook: 3 Games} 15. Bf1 $146 (15. Kh1 Qd8 16. Bf1 {½-½ (49) Piorun,K (2655)-Fedorov,A (2561) Jurmala 2016}) 15... Qd8 16. Qf2 h5 {[%cal Bh7h5,Bh5h4,Bh4h3][%mdl 32]} 17. Rd1 h4 18. Nb3 (18. Qxh4 Nxe4 19. Qh3 Nxc3 20. bxc3 Nc5 $15) 18... Qc7 19. Rac1 Re8 20. Bg5 (20. Qxh4 Nxe4 21. Qg4 Nxc3 22. Rxc3 Rbc8 $11) 20... h3 $1 21. g3 {[#]} (21. gxh3 $11 Ng4 22. hxg4 Bxg5 23. Rc2 (23. f4 Bf6 $11)) 21... Ng4 $1 $17 {[%cal Rg4f2][%mdl 512]} 22. Qd2 (22. fxg4 Bxg5) 22... Nge5 23. Be2 Bxg5 24. Qxg5 {[#]} Qxc4 $1 {[%mdl 512]} 25. Nd4 (25. Bxc4 Nxf3+) 25... Qb4 26. Qd2 (26. f4 $2 Nc6 27. Nf3 Qxb2 $19) 26... Rbc8 27. b3 Nc6 ({Black should play} 27... Red8 $17) 28. Nc2 $1 $15 {[%cal Rc2b4]} Qc5+ (28... Qxb3 $2 29. Rb1 Na5 30. Rxb3 Nxb3 31. Qe3 $18 (31. Qxd6 Rxc3 32. Nb4 Ndc5 $18)) 29. Ne3 $1 {Black must now prevent Nb5.} Qb4 30. Nc2 (30. Qxd6 Nc5 31. Bc4 Red8 $19) 30... Qa5 (30... Qxb3 $2 31. Rb1 Na5 32. Rxb3 Nxb3 33. Qe3 $18 (33. Qxd6 Rxc3 34. Nb4 Ndc5 35. Qxb6 Rc8 $16)) 31. Qxd6 (31. Ne3 $15) 31... Nc5 $19 {[%cal Bd7c5,Bc5b3,Bb3d4][%mdl 32]} ({And not} 31... Qxc3 32. Qxd7 Re7 33. Qd2 Qxb3 34. Rb1 $11) 32. Ne3 $2 (32. b4 Nxb4 33. Ne3) 32... Red8 ({Not} 32... Nxb3 33. Nc4 Qg5 34. f4 $17) 33. Qf4 {If only White now had time for Nc4....} Rxd1+ 34. Nexd1 Nxb3 35. Rb1 Qc5+ 36. Qe3 Nbd4 37. Kf2 Nb4 {And now ...Nbc2 would win.} 38. Kf1 Nbc2 39. Qd3 Nxe2 40. Nxe2 Na3 41. Rc1 Nc4 42. Qd7 Ba8 $2 (42... b5 $1 $19 43. Rxc4 Qxc4 44. Qxb7 Rd8) 43. Nb2 $1 $15 b5 44. axb5 axb5 45. Nd3 Qc6 ({Inferior is} 45... Nd2+ 46. Ke1 Nxf3+ 47. Kd1 $16) 46. Qxc6 Bxc6 47. Kf2 Rd8 48. Rc3 f5 49. exf5 exf5 50. Nef4 Ra8 51. Nb4 Bb7 {Black wants to play ...Ra4.} 52. Nxh3 Ra4 53. Rb3 {[#]} (53. Nc2 $1 $11) 53... Nd2 $1 $17 {[%cal Rd2b3]} 54. Rb2 Nc4 (54... Nxf3 $17 55. Nd3 Bc6) 55. Rb3 $1 $15 Ne5 56. Nf4 Nxf3 57. Nfd5 Bxd5 (57... Nd4 $17 58. Rd3 Ne6 59. Ne7+ Kf8) 58. Nxd5 $17 {[%mdl 4096] Endgame KRN-KRN} Nd4 59. Rb2 Rc4 60. Ke3 Nc2+ 61. Kd3 (61. Ke2 $11 {remains equal.}) 61... Rd4+ 62. Kxc2 {Hoping for Ne7+.} Rxd5 {KR-KR} 63. Kc3 (63. h4 $17) 63... Kf7 64. Re2 Kf6 65. Kb4 $2 (65. h4) 65... g5 $19 66. Rf2 $2 (66. Kc3 f4 67. gxf4) 66... Ke5 67. h4 gxh4 68. gxh4 Rd4+ 69. Kxb5 Rxh4 {Black mates.} 70. Kc5 Ke4 71. Rf1 f4 72. Kc4 Ke3 73. Re1+ Kf3 74. Kd3 Rh8 75. Rf1+ {[#]} Kg3 $1 76. Rg1+ Kf2 77. Rg7 Re8 78. Rd7 f3 {[%cal Bf4f3,Bf3f2][%mdl 32]} 79. Kd2 Kg2 80. Rg7+ Kf1 81. Rg6 f2 82. Ra6 Rg8 0-1

[Event "EIWCC 2017"]
[Site "Riga"]
[Date "2017.04.13"]
[Round "3"]
[White "Danielian, Elina"]
[Black "Buksa, Nataliya"]
[Result "1-0"]
[WhiteElo "2437"]
[BlackElo "2314"]
[Annotator "TA"]
[PlyCount "117"]
[EventDate "2017.??.??"]
[EventType "swiss"]
[EventCountry "LAT"]
[SourceTitle "playchess.com"]
[Source "ChessBase"]
[SourceQuality "1"]

{[%evp 20,117,42,43,58,58,68,57,56,56,55,50,50,50,50,50,50,49,51,46,49,46,47,47,46,48,51,49,54,68,61,75,70,27,34,27,20,18,68,71,107,80,83,79,72,72,74,75,157,119,197,186,147,147,291,234,229,207,188,69,75,49,73,96,631,626,626,625,613,596,574,521,735,608,777,728,897,899,827,812,770,648,29961,29961,29972,29973,29971,29974,29970,29973,29970,29976,29965,29966,29977,29978,29978,29979,29979,29980]} 1. Nf3 d5 2. c4 e6 3. d4 Nf6 4. Nc3 Be7 5. Bf4 O-O 6. e3 Nbd7 7. Be2 c5 {D37: Queen's Gambit Declined: 5 Bf4} 8. cxd5 Nxd5 9. Nxd5 exd5 10. O-O Qb6 11. Qc2 {LiveBook: 3 Games} Nf6 12. dxc5 Bxc5 $146 (12... Qxc5 13. Rac1 Qxc2 14. Rxc2 Bd8 15. Nd4 {1-0 (30) Matlakov,M (2696)-Rjabzev,K (2314) Kaliningrad 2015}) 13. Rac1 Bd6 14. Bxd6 Qxd6 15. Qc5 Qxc5 16. Rxc5 Bd7 17. Nd4 Rfc8 18. Rfc1 a6 19. f3 Rxc5 20. Rxc5 Rc8 21. Rxc8+ Bxc8 $14 {[%mdl 4096] Endgame KBN-KBN} 22. Kf2 Kf8 23. h4 h5 24. Kg3 Ng8 25. Kf4 f6 26. e4 Ne7 27. exd5 Nxd5+ 28. Ke4 Nb6 29. b3 g6 30. f4 f5+ 31. Ke5 {Threatens to win with Kd6.} Ke7 32. Nf3 Be6 33. g3 a5 (33... Nc8 $142) 34. Kd4 $1 $16 a4 (34... Nd7 $16) 35. bxa4 $18 Nxa4 36. a3 b6 (36... Bf7 $16 37. Ne5 Be8) 37. Ne5 Kf6 38. Bc4 Nc5 39. Bxe6 ({Only move:} 39. Bd5 $1 $18) 39... Kxe6 $14 40. Nxg6 $18 {KN-KN} Ne4 {[#]} 41. Kc4 $1 Nxg3 $2 {[%mdl 8192] [#]} (41... Kd6 $16) 42. Kb5 $1 Ne2 43. Kxb6 Nc3 44. Kc5 Ne4+ 45. Kd4 Kd6 46. Ne5 Ng3 47. Nc4+ Ke6 48. a4 Ne2+ 49. Ke3 Nc3 50. a5 Nd5+ 51. Kd4 {White mates.} Nb4 52. Kc5 Nd3+ 53. Kc6 Nb4+ 54. Kb5 Nd5 55. a6 Nc7+ 56. Kb6 Nxa6 57. Kxa6 Kd5 58. Ne5 Ke4 59. Ng6 1-0

[Event "EIWCC 2017"]
[Site "Riga"]
[Date "2017.04.13"]
[Round "3"]
[White "Kashlinskaya, Alina"]
[Black "Kazarian, Anna-Maja"]
[Result "1-0"]
[WhiteElo "2426"]
[BlackElo "2257"]
[Annotator "TA"]
[PlyCount "63"]
[EventDate "2017.??.??"]
[EventType "swiss"]
[EventCountry "LAT"]
[SourceTitle "playchess.com"]
[Source "ChessBase"]
[SourceQuality "1"]
[TimeControl "40/5400+30:1800+30"]

1. d4 {[%emt 0:00:00]} d5 {[%emt 0:00:07]} 2. c4 {[%emt 0:00:00]} c6 {[%emt 0:00:05]} 3. cxd5 {[%emt 0:00:00]} cxd5 {[%emt 0:00:05]} 4. Bg5 {[%emt 0:00:00] D10: Slav Defence: 3 cxd5 (without early Nf3) and 3 Nc3} (4. Nc3 Nf6 5. Bf4 Nc6 6. e3 a6 7. Be2 e6 8. Nf3 Be7 9. h3 O-O 10. Rc1 Bd7 11. O-O Rc8 12. Bd3 b5 13. a4 b4 14. Nb1 Na5 15. Rxc8 Qxc8 {0-1 (37) Vallejo Pons,F (2711)-Carlsen,M (2840) Doha 2016}) 4... h6 {[%emt 0:05:49]} 5. Bh4 {[%emt 0:00:00]} Qa5+ $146 {[%emt 0:01:15]} (5... Qb6 6. Nc3 e6 7. Qd2 Ne7 8. f3 Nbc6 9. Rd1 Nf5 10. Bf2 Bb4 11. e4 Nfe7 {1-0 (54) Artemiev,V (2653)-Dreev,A (2652) Moscow 2016}) 6. Nc3 {[%emt 0:01:02]} e6 {[%emt 0:03:31]} 7. a3 {[%emt 0:05:05]} Nc6 {[%emt 0:08:40]} 8. e3 {[%emt 0:01:21]} Bd7 {[%emt 0:03:00]} 9. Bd3 {[%emt 0:02:03]} Qb6 {[%emt 0:08:48]} 10. Nf3 {[%emt 0:02:56]} Bd6 {[%emt 0:11:22]} 11. O-O {[%emt 0:03:29]} Nf6 {[%emt 0:11:24]} 12. b4 {[%emt 0:08:43]} a5 {[%emt 0:08:18]} 13. Na4 {[%emt 0:07:46]} Qa7 {[%emt 0:02:34] [#]} 14. b5 $1 {[%emt 0:04:12]} Ne7 {[%emt 0:00:08]} 15. Ne5 {[%emt 0:01:25]} b6 {[%emt 0:05:49]} 16. Qf3 {[%emt 0:05:12]} Bxe5 {[%emt 0:02:56]} 17. dxe5 {[%emt 0:00:16]} Ne4 {[%emt 0:00:25]} 18. Bxe7 {[%emt 0:03:24]} Kxe7 {[%emt 0:01:03]} 19. Bxe4 {[%emt 0:10:55]} ({Better is} 19. Qg4 $16) 19... dxe4 {[%emt 0:00:48]} 20. Qe2 {[%emt 0:01:39]} Rac8 {[%emt 0:05:03]} 21. Rfd1 $18 {[%emt 0:01:44]} Qc7 {[%emt 0:02:10]} 22. Qb2 {[%emt 0:03:34]} Qc2 {[%emt 0:08:29]} 23. Qd4 {[%emt 0:02:16]} Rhd8 {[%emt 0:00:11]} 24. Nxb6 {[%emt 0:00:52]} Rc3 {[%emt 0:02:32]} 25. Rd2 {[%emt 0:09:13]} Qb3 {[%emt 0:04:43]} 26. Qd6+ {[%emt 0:01:16]} Ke8 {[%emt 0:00:03]} 27. Nxd7 {[%emt 0:00:20]} Rd3 {[%emt 0:01:15]} 28. Qf8+ {[%emt 0:01:50]} Kxd7 {[%emt 0:00:05]} 29. Qxf7+ {[%emt 0:00:24]} Kc8 {[%emt 0:00:05]} 30. Rc1+ {[%emt 0:00:29]} Kb8 {[%emt 0:00:43]} 31. Qc7+ {[%emt 0:00:22]} Ka8 {[%emt 0:00:04]} 32. b6 {[%emt 0:01:07]} 1-0